Hooray for addition facts! : (Record no. 102886)
[ view plain ]
| 000 -LEADER | |
|---|---|
| fixed length control field | 00566nam a2200169 a 4500 |
| 005 - DATE AND TIME OF LATEST TRANSACTION | |
| control field | 20140412111245.0 |
| 008 - FIXED-LENGTH DATA ELEMENTS--GENERAL INFORMATION | |
| fixed length control field | 020410s19uu xx 00 eng d |
| 020 ## - INTERNATIONAL STANDARD BOOK NUMBER | |
| International Standard Book Number | 0-86653-517-9 |
| 050 ## - LIBRARY OF CONGRESS CALL NUMBER | |
| Classification number | TR(GS 513 |
| Item number | D22 1990 |
| 100 ## - MAIN ENTRY--PERSONAL NAME | |
| Personal name | Daniel, Becky |
| 245 ## - TITLE STATEMENT | |
| Title | Hooray for addition facts! : |
| Remainder of title | a good apple math activity book for grades 1-3 / |
| Statement of responsibility, etc | by Becky Daniel; illustrated by Judy Heirstein. |
| 260 ## - PUBLICATION, DISTRIBUTION, ETC. (IMPRINT) | |
| Place of publication, distribution, etc | Carthage, IL : |
| Name of publisher, distributor, etc | Good Apple Inc, |
| Date of publication, distribution, etc | 1990. |
| 300 ## - PHYSICAL DESCRIPTION | |
| Extent | 76 p. |
| 650 ## - SUBJECT ADDED ENTRY--TOPICAL TERM | |
| Topical term or geographic name as entry element | Math |
| General subdivision | Juvenile literature |
| 650 ## - SUBJECT ADDED ENTRY--TOPICAL TERM | |
| Topical term or geographic name as entry element | Addition |
| General subdivision | Juvenile literature |
| Withdrawn status | Lost status | Damaged status | Home library | Current library | Shelving location | Date acquired | Source of acquisition | Total Checkouts | Full call number | Barcode | Date last seen | Price effective from | Koha item type |
|---|---|---|---|---|---|---|---|---|---|---|---|---|---|
| Elizalde Library | Elizalde Library | Teachers Reference Section | 04/10/2002 | TR(GS 513 D22 1990 | E3076 | 04/12/2014 | 04/12/2014 | Books |